Movies Quiz

Random Movies or Oscar Quiz

Four-Word Best Pictures by Image Quiz Stats

 Plays Quiz Updated Aug 31, 2017

Challenge
Share
Tweet
Score 0/9 Timer 06:00
4 Plays Today
% Correct
Gone with the Wind
95.1%
The Sound of Music
95%
12 Years a Slave
81.6%
The Godfather: Part II
80.7%
Mutiny on the Bounty
60.7%
It Happened One Night
33.2%
An American in Paris
32.2%
From Here to Eternity
31.7%
All the King's Men
15.6%

You're not logged in!

Compare scores with friends on all Sporcle quizzes.
OR
Log In

You Might Also Like...

Show Comments

Extras

Top Quizzes Today


Score Distribution

Your Account Isn't Verified!

In order to create a playlist on Sporcle, you need to verify the email address you used during registration. Go to your Sporcle Settings to finish the process.

Report this User

Report this user for behavior that violates our Community Guidelines.

Details: